Oliver Twist [
| Format: | Book |
|---|---|
| Published: |
s.l. :
Vestron Video ,
19_.
|
| Subjects: |
MARC
| LEADER | 00000cam a2200000 7i4500 | ||
|---|---|---|---|
| 001 | 0000000257 | ||
| 002 | 000000327 | ||
| 005 | 20000330.0 | ||
| 020 | |a 000000327 | ||
| 090 | 0 | 0 | |a JF |b DIC |
| 245 | 1 | 0 | |a Oliver Twist [ |h videorecording] |c Charles Dickens |
| 260 | |a s.l. : |b Vestron Video , |c 19_. | ||
| 300 | |a 1 videocassette VHS (70:00 min) : |b Col.(PAL) | ||
| 650 | 0 | 0 | |a Children fiction |x cartoons and caricatures |
| 999 | |a PV0127 |b VIDEO |c JUNIOR REFERENCE |e PERPUSTAKAAN KOMUNITI PETALING JAYA | ||